[Event "e2e4 Brighton Open"]
[Site "Brighton"]
[Date "2010.11.14"]
[Round "4"]
[White "Waters, Andrew C"]
[Black "Batchelor, Paul A"]
[Result "1-0"]
[WhiteElo "1930"]
[BlackElo "2050"]
[PlyCount "81"]
[EventDate "2010.11.12"]
[EventType "swiss"]
[EventRounds "5"]
[EventCountry "ENG"]
[SourceTitle "BritBase"]
[Source "John Saunders"]
[SourceDate "2024.12.03"]
[SourceVersion "1"]
[SourceVersionDate "2024.12.03"]
[SourceQuality "1"]

1. e4 c5 2. a3 g6 3. f4 Bg7 4. Nf3 Nc6 5. Nc3 e6 6. Bb5 Nge7 7. e5 d5 8. d4 cxd4 9. Nxd4 O-O 10. Be3 Bd7 11. Bxc6 bxc6 12. Nb3 Nf5 13. Bf2 f6 14. g4 Ne7 15. exf6 Bxf6 16. Bg3 Kh8 17. Nc5 Bc8 18. Qd2 Qd6 19. N3e4 Qd8 20. Nxf6 Ng8 21. Nxg8 Kxg8 22. O-O-O e5 23. f5 e4 24. Ne6 Bxe6 25. fxe6 Qf6 26. Qd4 Qxe6 27. Rhf1 Qxg4 28. Bd6 Rf3 29. Rxf3 Qxf3 30. Qe5 Qf7 31. Bb4 Re8 32. Qd4 Qg7 33. Qe3 h6 34. Bc3 Qf8 35. Qd4 Kh7 36. Qxa7+ Re7 37. Qc5 e3 38. Bb4 e2 39. Qxe7+ Qxe7 40. Bxe7 exd1=Q+ 41. Kxd1 1-0

[Event "e2e4 Brighton Open"]
[Site "Brighton"]
[Date "2010.11.14"]
[Round "4"]
[White "Williamson, Roger G"]
[Black "Atako, Chino"]
[Result "1-0"]
[WhiteElo "2178"]
[BlackElo "2039"]
[PlyCount "139"]
[EventDate "2010.11.12"]
[EventType "swiss"]
[EventRounds "5"]
[EventCountry "ENG"]
[SourceTitle "BritBase"]
[Source "John Saunders"]
[SourceDate "2024.12.03"]
[SourceVersion "1"]
[SourceVersionDate "2024.12.03"]
[SourceQuality "1"]

1. c4 f5 2. g3 Nf6 3. Bg2 g6 4. Nf3 Bg7 5. O-O O-O 6. d3 d6 7. Nc3 e5 8. Rb1 a5 9. a3 Nh5 10. Bd2 c6 11. b4 axb4 12. axb4 h6 13. b5 Kh7 14. Ne1 f4 15. Nc2 Bf5 16. bxc6 bxc6 17. Nb4 Qc8 18. Ra1 Rxa1 19. Qxa1 Bh3 20. Ne4 Bxg2 21. Kxg2 Qd7 22. Qa4 Nf6 23. Nxf6+ Rxf6 24. f3 Rf7 25. Rb1 fxg3 26. hxg3 Qa7 27. Qc2 Rd7 28. Rh1 Qa3 29. Bxh6 Kg8 30. Bxg7 Rxg7 31. Na2 Nd7 32. Rb1 Qa7 33. Nb4 Qa8 34. Qc3 Qb7 35. Ra1 Nf8 36. c5 d5 37. Ra6 Rh7 38. Rxc6 Qd7 39. Qxe5 Qh3+ 40. Kf2 Qh2+ 41. Ke3 Qg1+ 42. Kd2 Rh1 43. Nc2 d4 44. Qxd4 Qxg3 45. Rc8 Qg5+ 46. f4 Qf5 47. Qc4+ Kh8 48. Qe4 Qxc8 49. Qxh1+ Kg7 50. Qd5 Ne6 51. Qe5+ Kf7 52. d4 Qa6 53. f5 Qa5+ 54. Kc1 gxf5 55. Qxf5+ Ke7 56. Qe5 Qc3 57. Qd6+ Kf7 58. e3 Qc4 59. Qg3 Qd5 60. Qf2+ Ke8 61. Qe2 Qh1+ 62. Kd2 Qd5 63. Kc3 Nc7 64. e4 Qe6 65. Qd3 Qe7 66. Nb4 Qd7 67. c6 Qd6 68. Kc4 Ne6 69. e5 Qe7 70. Qg6+ 1-0

[Event "e2e4 Brighton Open"]
[Site "Brighton"]
[Date "2010.11.14"]
[Round "4"]
[White "Wynarczyk, Raymond"]
[Black "Jaszkiwskyj, Peter"]
[Result "0-1"]
[WhiteElo "1966"]
[BlackElo "1996"]
[PlyCount "70"]
[EventDate "2010.11.12"]
[EventType "swiss"]
[EventRounds "5"]
[EventCountry "ENG"]
[SourceTitle "BritBase"]
[Source "John Saunders"]
[SourceDate "2024.12.03"]
[SourceVersion "1"]
[SourceVersionDate "2024.12.03"]
[SourceQuality "1"]

1. e4 e5 2. Nf3 Nc6 3. d4 exd4 4. Nxd4 Nf6 5. Nxc6 bxc6 6. e5 Qe7 7. Qe2 Nd5 8. c4 Nb6 9. Nc3 Qe6 10. b3 a5 11. a4 Bb4 12. Bd2 O-O 13. f4 Re8 14. g3 f6 15. Ne4 d5 16. Bxb4 axb4 17. Nc5 Qe7 18. Nd3 dxc4 19. bxc4 Rxa4 20. Rxa4 Nxa4 21. Bg2 Nc3 22. Qb2 Qd8 23. Nf2 c5 24. O-O fxe5 25. fxe5 Rxe5 26. Bd5+ Be6 27. Rd1 Bxd5 28. cxd5 Rxd5 29. Re1 Rd2 30. Qb3+ Qd5 31. Qxd5+ Rxd5 32. Re8+ Kf7 33. Rc8 Nb5 34. Kf1 b3 35. Rb8 c4 0-1

[Event "e2e4 Brighton Open"]
[Site "Brighton"]
[Date "2010.11.14"]
[Round "5"]
[White "Amato, Giampiero"]
[Black "Bennett, Patrick"]
[Result "1-0"]
[WhiteElo "1979"]
[BlackElo "2073"]
[PlyCount "67"]
[EventDate "2010.11.12"]
[EventType "swiss"]
[EventRounds "5"]
[EventCountry "ENG"]
[SourceTitle "BritBase"]
[Source "John Saunders"]
[SourceDate "2024.12.03"]
[SourceVersion "1"]
[SourceVersionDate "2024.12.03"]
[SourceQuality "1"]

1. e4 g6 2. d4 Bg7 3. Be3 d6 4. Nc3 a6 5. Qd2 b5 6. a4 b4 7. Nd1 a5 8. c3 bxc3 9. bxc3 Bb7 10. f3 Nd7 11. Bd3 c5 12. Ne2 Qc7 13. O-O Ngf6 14. Bh6 O-O 15. Bxg7 Kxg7 16. Ne3 Ba6 17. Bxa6 Rxa6 18. Ng3 e6 19. f4 Rb8 20. f5 Rab6 21. fxe6 fxe6 22. Nc4 Rb3 23. e5 dxe5 24. dxe5 Nd5 25. Nh5+ Kg8 26. Nf6+ N7xf6 27. exf6 Rf8 28. Qg5 Rxc3 29. Ne5 Re3 30. f7+ Rxf7 31. Nxf7 c4 32. Nh6+ Kg7 33. Ng4 Re2 34. Qh6+ 1-0

[Event "e2e4 Brighton Open"]
[Site "Brighton"]
[Date "2010.11.14"]
[Round "5"]
[White "Andreev, Peter"]
[Black "Chung, Angel"]
[Result "1-0"]
[WhiteElo "1864"]
[BlackElo "1898"]
[PlyCount "39"]
[EventDate "2010.11.12"]
[EventType "swiss"]
[EventRounds "5"]
[EventCountry "ENG"]
[SourceTitle "BritBase"]
[Source "John Saunders"]
[SourceDate "2024.12.03"]
[SourceVersion "1"]
[SourceVersionDate "2024.12.03"]
[SourceQuality "1"]

1. e4 e5 2. Nf3 d6 3. d4 Nd7 4. Bc4 Be7 5. O-O Ngf6 6. Re1 O-O 7. c3 h6 8. Nbd2 c6 9. a4 a6 10. Nf1 Nh7 11. Ng3 Ng5 12. Nf5 Nb6 13. Bb3 Nxf3+ 14. Qxf3 Bxf5 15. Qxf5 exd4 16. cxd4 Qd7 17. Qg6 d5 18. Qg3 dxe4 19. Rxe4 Bf6 20. Bxh6 1-0

[Event "e2e4 Brighton Open"]
[Site "Brighton"]
[Date "2010.11.14"]
[Round "5"]
[White "Batchelor, Paul A"]
[Black "Norinkeviciute, Rasa"]
[Result "1/2-1/2"]
[WhiteElo "2050"]
[BlackElo "2028"]
[PlyCount "166"]
[EventDate "2010.11.12"]
[EventType "swiss"]
[EventRounds "5"]
[EventCountry "ENG"]
[SourceTitle "BritBase"]
[Source "John Saunders"]
[SourceDate "2024.12.03"]
[SourceVersion "1"]
[SourceVersionDate "2024.12.03"]
[SourceQuality "1"]

1. d4 Nf6 2. c4 e6 3. Nc3 Bb4 4. e3 O-O 5. a3 Bxc3+ 6. bxc3 c5 7. Bd3 d6 8. e4 e5 9. d5 Nbd7 10. Ne2 Re8 11. O-O Nf8 12. Qc2 Ng6 13. f3 Bd7 14. Be3 Qc7 15. Rac1 b5 16. Qa2 bxc4 17. Bxc4 Ba4 18. Bd3 Rab8 19. Rb1 Rxb1 20. Rxb1 Rb8 21. c4 a6 22. Bc2 Rxb1+ 23. Qxb1 Bxc2 24. Qxc2 Qa5 25. Qb1 Nd7 26. Kf2 Nb6 27. Qb3 h6 28. Bc1 Nd7 29. g3 Ngf8 30. Nc3 g5 31. Ke2 Kg7 32. Bd2 Qc7 33. Na4 Kg6 34. Qc3 Qb7 35. Qc2 Qc7 36. Kd3 Nf6 37. Bc3 N8d7 38. Nb2 Ng8 39. Qd2 Ne7 40. Ba5 Qb8 41. Kc2 f5 42. Qd3 Kf6 43. g4 fxg4 44. fxg4 Ng6 45. Qf3+ Nf4 46. Nd3 Ke7 47. h4 Qf8 48. hxg5 hxg5 49. Bd2 Qh8 50. Nxf4 exf4 51. Qc3 Qxc3+ 52. Bxc3 Nf6 53. e5 dxe5 54. Bxe5 Nxg4 55. Bb8 Nf6 56. Kd3 Nd7 57. Bc7 Nf6 58. Bb8 Nd7 59. Bc7 Nf6 60. Bb8 Ng4 61. Ke4 Ne3 62. Ba7 Kd6 63. Bb8+ Kd7 64. Ba7 Nxc4 65. Bxc5 Nd6+ 66. Kf3 Nc4 67. Kg4 Ne3+ 68. Kxg5 Nxd5 69. Kg4 Kc6 70. Bf8 Kb5 71. Kf3 Ka4 72. Ke4 Nc7 73. Bd6 Ne6 74. Be7 Kb3 75. Bd6 a5 76. Be7 a4 77. Bd6 Kb2 78. Be7 Nc7 79. Bf8 Nb5 80. Kxf4 Nxa3 81. Ke3 Nc2+ 82. Kd2 Kb1 83. Kc3 a3 1/2-1/2

[Event "e2e4 Brighton Open"]
[Site "Brighton"]
[Date "2010.11.14"]
[Round "5"]
[White "Burrows, Martin P"]
[Black "Cannon, Raymond Charles"]
[Result "1-0"]
[WhiteElo "2174"]
[BlackElo "2068"]
[PlyCount "59"]
[EventDate "2010.11.12"]
[EventType "swiss"]
[EventRounds "5"]
[EventCountry "ENG"]
[SourceTitle "BritBase"]
[Source "John Saunders"]
[SourceDate "2024.12.03"]
[SourceVersion "1"]
[SourceVersionDate "2024.12.03"]
[SourceQuality "1"]

1. e4 d6 2. d4 Nf6 3. Nc3 g6 4. Be3 c6 5. Qd2 b5 6. f3 Nbd7 7. g4 Nb6 8. h4 h5 9. g5 Nfd7 10. f4 Nc4 11. Bxc4 bxc4 12. Nge2 Rb8 13. b3 Qa5 14. O-O Bg7 15. f5 O-O 16. Nf4 Kh7 17. fxg6+ fxg6 18. Ne6 Rxf1+ 19. Rxf1 Nb6 20. Nxg7 Kxg7 21. d5 cxd5 22. exd5 Bf5 23. Bd4+ Kg8 24. Rxf5 gxf5 25. g6 e5 26. dxe6 Rb7 27. Qh6 Qe5 28. Bxe5 dxe5 29. Qxh5 cxb3 30. cxb3 1-0

[Event "e2e4 Brighton Open"]
[Site "Brighton"]
[Date "2010.11.14"]
[Round "5"]
[White "Cannon, Richard James"]
[Black "Lock, Gavin R"]
[Result "1/2-1/2"]
[WhiteElo "2119"]
[BlackElo "2182"]
[PlyCount "75"]
[EventDate "2010.11.12"]
[EventType "swiss"]
[EventRounds "5"]
[EventCountry "ENG"]
[SourceTitle "BritBase"]
[Source "John Saunders"]
[SourceDate "2024.12.03"]
[SourceVersion "1"]
[SourceVersionDate "2024.12.03"]
[SourceQuality "1"]

1. e4 e6 2. Nc3 d5 3. Nf3 Nf6 4. e5 Nfd7 5. d4 c5 6. dxc5 Nc6 7. Bf4 Bxc5 8. Bd3 f6 9. exf6 Qxf6 10. Bg5 Qf7 11. Qd2 O-O 12. O-O-O a6 13. Bh4 Qh5 14. Bg3 Nb6 15. Rhe1 h6 16. Ne5 Nxe5 17. Rxe5 Qf7 18. Re2 Bd7 19. Rde1 Rac8 20. Nd1 Be7 21. f4 Bf6 22. Kb1 Na4 23. c3 b5 24. Bc2 g6 25. f5 exf5 26. Bb3 Kh7 27. Bd6 Rfe8 28. Bxd5 Qg7 29. Bb7 Rxe2 30. Rxe2 Rd8 31. Bc7 Re8 32. Rxe8 Bxe8 33. Qd6 Be7 34. Qe5 Nc5 35. Bd5 Bd7 36. Nf2 Bf6 37. Qd6 Be7 38. Qe5 1/2-1/2

[Event "e2e4 Brighton Open"]
[Site "Brighton"]
[Date "2010.11.14"]
[Round "5"]
[White "Coates, David H"]
[Black "Tozer, Philip A"]
[Result "0-1"]
[WhiteElo "2067"]
[BlackElo "2123"]
[PlyCount "76"]
[EventDate "2010.11.12"]
[EventType "swiss"]
[EventRounds "5"]
[EventCountry "ENG"]
[SourceTitle "BritBase"]
[Source "John Saunders"]
[SourceDate "2024.12.03"]
[SourceVersion "1"]
[SourceVersionDate "2024.12.03"]
[SourceQuality "1"]

1. d4 e6 2. c4 f5 3. g3 Nf6 4. Bg2 c6 5. Nf3 d5 6. O-O Bd6 7. Qc2 O-O 8. Ne5 a5 9. Nd2 Na6 10. Ndf3 Ne4 11. Nd3 b6 12. Nfe5 c5 13. e3 Bb7 14. b3 Nb4 15. Nxb4 axb4 16. Bb2 Qc7 17. f4 Rfc8 18. Rfc1 b5 19. cxb5 Bxe5 20. dxe5 Qb6 21. Qe2 Ra5 22. Bf1 Rca8 23. a4 bxa3 24. Bc3 Nxc3 25. Rxc3 d4 26. exd4 cxd4 27. Qf2 Qd8 28. Rd3 Rxb5 29. Rxd4 Rd5 30. Rb4 Rd2 31. Qb6 Qxb6+ 32. Rxb6 Bd5 33. Bc4 a2 34. Bxd5 exd5 35. e6 Rb2 36. Rc6 Rb1+ 37. Rc1 Rxc1+ 38. Rxc1 a1=Q 0-1

[Event "e2e4 Brighton Open"]
[Site "Brighton"]
[Date "2010.11.14"]
[Round "5"]
[White "Cohen, Ronnie"]
[Black "Bonafont, Philip R"]
[Result "0-1"]
[WhiteElo "1935"]
[BlackElo "2150"]
[PlyCount "42"]
[EventDate "2010.11.12"]
[EventType "swiss"]
[EventRounds "5"]
[EventCountry "ENG"]
[SourceTitle "BritBase"]
[Source "John Saunders"]
[SourceDate "2024.12.03"]
[SourceVersion "1"]
[SourceVersionDate "2024.12.03"]
[SourceQuality "1"]

1. e4 c5 2. Nf3 d6 3. g3 Nc6 4. Bg2 g6 5. d3 Bg7 6. Nbd2 e5 7. O-O Nge7 8. Re1 O-O 9. Nf1 h6 10. c3 Be6 11. Ne3 f5 12. c4 f4 13. Nd5 g5 14. gxf4 exf4 15. h3 Ng6 16. Kh2 h5 17. Rg1 g4 18. Ne1 Qh4 19. Qd2 g3+ 20. fxg3 fxg3+ 21. Kh1 Bxh3 0-1

[Event "e2e4 Brighton Open"]
[Site "Brighton"]
[Date "2010.11.14"]
[Round "5"]
[White "Doran, Michael J"]
[Black "Wynarczyk, Raymond"]
[Result "0-1"]
[WhiteElo "1870"]
[BlackElo "1966"]
[PlyCount "106"]
[EventDate "2010.11.12"]
[EventType "swiss"]
[EventRounds "5"]
[EventCountry "ENG"]
[SourceTitle "BritBase"]
[Source "John Saunders"]
[SourceDate "2024.12.03"]
[SourceVersion "1"]
[SourceVersionDate "2024.12.03"]
[SourceQuality "1"]

1. e4 c5 2. c3 d5 3. exd5 Qxd5 4. d4 Nc6 5. Nf3 cxd4 6. cxd4 Bg4 7. Nc3 Bxf3 8. gxf3 Qxd4 9. Qxd4 Nxd4 10. Nb5 Nc2+ 11. Kd1 Rc8 12. Nxa7 Rc5 13. Be3 Nxe3+ 14. fxe3 e6 15. a4 Bd6 16. a5 Nf6 17. Nb5 O-O 18. Nxd6 Rd8 19. Bd3 Rxd6 20. Ke2 g6 21. b4 Rc3 22. Rhd1 Nd5 23. b5 Rb3 24. a6 bxa6 25. bxa6 Nc3+ 26. Ke1 Nxd1 27. a7 Rd8 28. a8=Q Rxa8 29. Rxa8+ Kg7 30. Bc2 Rxe3+ 31. Kxd1 Rxf3 32. Rd8 Rf1+ 33. Ke2 Rh1 34. Kf3 Rxh2 35. Ba4 Rh5 36. Rb8 Rf5+ 37. Kg4 h5+ 38. Kg3 g5 39. Ra8 Rc5 40. Be8 Rc3+ 41. Kg2 g4 42. Ra7 Rf3 43. Bc6 Rf5 44. Kg3 Kf6 45. Be8 Kg6 46. Bc6 Kg5 47. Ra8 h4+ 48. Kg2 Rc5 49. Bb7 Rc2+ 50. Kh1 Kf4 51. Ra4+ Kg3 52. Ra3+ Kf2 53. Rf3+ gxf3 0-1

[Event "e2e4 Brighton Open"]
[Site "Brighton"]
[Date "2010.11.14"]
[Round "5"]
[White "Eilers, Arne"]
[Black "Compton, Alistair"]
[Result "0-1"]
[WhiteElo "1965"]
[BlackElo "2045"]
[PlyCount "82"]
[EventDate "2010.11.12"]
[EventType "swiss"]
[EventRounds "5"]
[EventCountry "ENG"]
[SourceTitle "BritBase"]
[Source "John Saunders"]
[SourceDate "2024.12.03"]
[SourceVersion "1"]
[SourceVersionDate "2024.12.03"]
[SourceQuality "1"]

1. e4 e6 2. Nf3 d5 3. Nc3 Nf6 4. e5 Nfd7 5. d4 c5 6. dxc5 Nc6 7. Bf4 Bxc5 8. Bd3 f6 9. exf6 Nxf6 10. O-O O-O 11. Qe2 Qe8 12. Rae1 Bd7 13. Ne5 Nh5 14. Bg5 Nxe5 15. Qxe5 Qf7 16. Re2 h6 17. Bd2 a6 18. Nd1 Ba7 19. Qc7 b5 20. Bg6 Qxg6 21. Qxd7 Rfe8 22. Rfe1 Qf7 23. Qd6 Nf6 24. Rxe6 Ne4 25. Rxe8+ Rxe8 26. Qf4 Qh5 27. Qf3 Qg6 28. Bb4 a5 29. Bxa5 Rf8 30. Qd3 Qf7 31. Rf1 Nxf2 32. Nxf2 Bxf2+ 33. Kh1 Qh5 34. Be1 Bxe1 35. Rxe1 b4 36. Qd4 Qf5 37. h3 Qxc2 38. Qxd5+ Kh8 39. Qd6 Rf2 40. Re8+ Kh7 41. Qd5 Qc1+ 0-1

[Event "e2e4 Brighton Open"]
[Site "Brighton"]
[Date "2010.11.14"]
[Round "5"]
[White "Garnett, John S"]
[Black "Castruccio, Angelo"]
[Result "1-0"]
[WhiteElo "2035"]
[BlackElo "2010"]
[PlyCount "109"]
[EventDate "2010.11.12"]
[EventType "swiss"]
[EventRounds "5"]
[EventCountry "ENG"]
[SourceTitle "BritBase"]
[Source "John Saunders"]
[SourceDate "2024.12.03"]
[SourceVersion "1"]
[SourceVersionDate "2024.12.03"]
[SourceQuality "1"]

1. d4 Nf6 2. Bg5 h6 3. Bxf6 exf6 4. e3 d5 5. g3 Bd6 6. Bg2 c6 7. Ne2 O-O 8. O-O Bf5 9. Nd2 Re8 10. c4 dxc4 11. Nxc4 Bc7 12. Qb3 Qc8 13. Rac1 Nd7 14. d5 Be4 15. Bxe4 Rxe4 16. Nd2 Re8 17. dxc6 bxc6 18. Rxc6 Ne5 19. Rc2 Qd7 20. Nd4 Rab8 21. Qa3 Bb6 22. N4f3 Ng4 23. Nc4 Qf5 24. Ne1 Qh5 25. h4 Bc5 26. Qd3 Rbd8 27. Qe2 Qf5 28. Qf3 Qe6 29. b3 Rd5 30. Ng2 g5 31. Rd1 Rxd1+ 32. Qxd1 gxh4 33. Nxh4 h5 34. Qf3 Rd8 35. Qf5 Rd1+ 36. Kg2 Qc6+ 37. Qf3 Qd7 38. Nb2 Rd5 39. Na4 Bb4 40. Qe2 Rd1 41. Nf3 Qd5 42. e4 Qd6 43. Nh2 f5 44. Nxg4 fxg4 45. Qe3 Qf6 46. Nc3 Bxc3 47. Qxc3 Qe6 48. Qc8+ Qxc8 49. Rxc8+ Kg7 50. Rc7 a5 51. Ra7 Re1 52. Rxa5 Rxe4 53. Rxh5 Re2 54. a4 Rb2 55. Rb5 1-0

[Event "e2e4 Brighton Open"]
[Site "Brighton"]
[Date "2010.11.14"]
[Round "5"]
[White "Gibbs, Dominic V"]
[Black "Williamson, Roger G"]
[Result "0-1"]
[WhiteElo "1941"]
[BlackElo "2178"]
[PlyCount "64"]
[EventDate "2010.11.12"]
[EventType "swiss"]
[EventRounds "5"]
[EventCountry "ENG"]
[SourceTitle "BritBase"]
[Source "John Saunders"]
[SourceDate "2024.12.03"]
[SourceVersion "1"]
[SourceVersionDate "2024.12.03"]
[SourceQuality "1"]

1. e4 e5 2. Nf3 Nc6 3. Bb5 a6 4. Ba4 Nf6 5. Qe2 Be7 6. O-O b5 7. Bb3 d6 8. c3 O-O 9. Rd1 Na5 10. Bc2 c5 11. d4 Qc7 12. d5 Bd7 13. b3 Nb7 14. Nbd2 Rfc8 15. Nf1 c4 16. Bd2 cxb3 17. axb3 b4 18. c4 a5 19. Ng3 Nc5 20. Ne1 a4 21. Bxb4 axb3 22. Rxa8 Rxa8 23. Bb1 Qb6 24. Bd2 g6 25. Kh1 Ra4 26. f4 exf4 27. Bxf4 Ng4 28. e5 dxe5 29. Bc1 b2 30. Bd2 Ra3 31. Nc2 Nd3 32. c5 Qxc5 0-1

[Event "e2e4 Brighton Open"]
[Site "Brighton"]
[Date "2010.11.14"]
[Round "5"]
[White "Haria, Ravi"]
[Black "Arkell, Keith C"]
[Result "1/2-1/2"]
[WhiteElo "1952"]
[BlackElo "2431"]
[PlyCount "55"]
[EventDate "2010.11.12"]
[EventType "swiss"]
[EventRounds "5"]
[EventCountry "ENG"]
[SourceTitle "BritBase"]
[Source "John Saunders"]
[SourceDate "2024.12.03"]
[SourceVersion "1"]
[SourceVersionDate "2024.12.03"]
[SourceQuality "1"]

1. e4 c6 2. d4 d5 3. e5 c5 4. Nf3 cxd4 5. Nxd4 Nc6 6. c4 e6 7. Nc3 Bc5 8. Nb3 Bb4 9. cxd5 Qxd5 10. Qxd5 exd5 11. Bb5 Nge7 12. O-O O-O 13. Bxc6 bxc6 14. a3 Bxc3 15. bxc3 Rb8 16. Nc5 Rb5 17. Be3 Nf5 18. Bd4 Nxd4 19. cxd4 Bf5 20. Rac1 h5 21. h3 Rfb8 22. Rc3 Rb2 23. Na6 R8b6 24. Nb4 Bd7 25. Rfc1 Rd2 26. Rd3 Rb2 27. Rdc3 Rd2 28. Rd3 1/2-1/2

[Event "e2e4 Brighton Open"]
[Site "Brighton"]
[Date "2010.11.14"]
[Round "5"]
[White "Harvey, Marcus Ross"]
[Black "Atako, Chino"]
[Result "1-0"]
[WhiteElo "2098"]
[BlackElo "2039"]
[PlyCount "133"]
[EventDate "2010.11.12"]
[EventType "swiss"]
[EventRounds "5"]
[EventCountry "ENG"]
[SourceTitle "BritBase"]
[Source "John Saunders"]
[SourceDate "2024.12.03"]
[SourceVersion "1"]
[SourceVersionDate "2024.12.03"]
[SourceQuality "1"]

1. e4 c5 2. c3 g6 3. d4 cxd4 4. cxd4 d5 5. exd5 Nf6 6. Bb5+ Nbd7 7. Nc3 Bg7 8. Nge2 O-O 9. Qb3 Nb6 10. O-O Nbxd5 11. Rd1 Be6 12. Bc4 Rc8 13. Bxd5 Bxd5 14. Nxd5 Qxd5 15. Qa4 Qc4 16. Qxc4 Rxc4 17. Nc3 Rd8 18. Be3 b6 19. Rac1 Rc7 20. Kf1 Rcd7 21. h3 Ne8 22. Rc2 Nc7 23. Rcd2 Ne6 24. Ne2 Nc7 25. Ke1 Nd5 26. Nc3 Nb4 27. a3 Nc6 28. Ne2 Na5 29. Rd3 Nc4 30. Rc1 b5 31. Rb3 a6 32. a4 bxa4 33. Rb4 Nxe3 34. fxe3 Bh6 35. Rc3 e5 36. Rxa4 exd4 37. exd4 Rb8 38. b4 Bf8 39. Rc4 Rb6 40. Kd2 Bh6+ 41. Kc2 Re7 42. Nc3 Re1 43. Kb3 Bd2 44. Nd5 Rbe6 45. Ra2 Bg5 46. Nc7 R1e3+ 47. Ka4 Rd6 48. d5 Bd8 49. Rac2 Kf8 50. Rc6 Rd7 51. d6 Rd3 52. Nxa6 R3xd6 53. Rxd6 Rxd6 54. Nc5 Kg7 55. Nb7 Rd7 56. Nxd8 Rxd8 57. b5 Ra8+ 58. Kb4 Kf8 59. b6 Ke7 60. Kb5 Kd7 61. Rc7+ Kd8 62. Rxf7 Ra2 63. b7 Rb2+ 64. Kc6 Rc2+ 65. Kd6 Rd2+ 66. Ke6 Re2+ 67. Kf6 1-0

[Event "e2e4 Brighton Open"]
[Site "Brighton"]
[Date "2010.11.14"]
[Round "5"]
[White "Jaszkiwskyj, Peter"]
[Black "Holland, James P"]
[Result "0-1"]
[WhiteElo "1996"]
[BlackElo "2079"]
[PlyCount "98"]
[EventDate "2010.11.12"]
[EventType "swiss"]
[EventRounds "5"]
[EventCountry "ENG"]
[SourceTitle "BritBase"]
[Source "John Saunders"]
[SourceDate "2024.12.03"]
[SourceVersion "1"]
[SourceVersionDate "2024.12.03"]
[SourceQuality "1"]

1. d4 d5 2. Nf3 Nf6 3. c4 e6 4. Nc3 c6 5. Bg5 dxc4 6. e4 b5 7. e5 h6 8. Bh4 g5 9. Nxg5 hxg5 10. Bxg5 Nbd7 11. Qf3 Qb6 12. Bxf6 Nxf6 13. Qxf6 Rg8 14. Rd1 Be7 15. Qf4 Bb7 16. h4 Rd8 17. Rh2 b4 18. Ne4 c3 19. bxc3 bxc3 20. Nxc3 Bb4 21. Rh3 Qa5 22. Rc1 c5 23. dxc5 Qxc5 24. Be2 Rxg2 25. Kf1 Rg6 26. Rg3 Rd4 27. Qe3 Rxh4 28. Rxg6 fxg6 29. Bb5+ Kf7 30. Qxc5 Bxc5 31. Ke2 Bd4 32. Nd1 Bxe5 33. Ne3 Rb4 34. Bd3 Bf4 35. Rc4 Rb2+ 36. Rc2 Rxc2+ 37. Bxc2 g5 38. Bb3 Ke7 39. Kd3 Kd6 40. Kd4 e5+ 41. Kd3 Bxe3 42. Kxe3 Bd5 43. Kd3 Bxb3 44. axb3 Kc5 45. f3 Kb4 46. Kc2 Ka3 47. Kc3 a5 48. Kc2 Ka2 49. Kc3 Kb1 0-1

[Event "e2e4 Brighton Open"]
[Site "Brighton"]
[Date "2010.11.14"]
[Round "5"]
[White "Kane, Robert"]
[Black "Morris-Hill, Ray"]
[Result "1-0"]
[WhiteElo "1875"]
[BlackElo "2031"]
[PlyCount "65"]
[EventDate "2010.11.12"]
[EventType "swiss"]
[EventRounds "5"]
[EventCountry "ENG"]
[SourceTitle "BritBase"]
[Source "John Saunders"]
[SourceDate "2024.12.03"]
[SourceVersion "1"]
[SourceVersionDate "2024.12.03"]
[SourceQuality "1"]

1. d4 d6 2. Nf3 g6 3. e4 Nf6 4. Nc3 Bg7 5. Be2 O-O 6. O-O a6 7. a4 b6 8. Re1 Bb7 9. Bf1 c5 10. d5 Nbd7 11. Bg5 h6 12. Bh4 g5 13. Bg3 Nh5 14. Ne5 Nxg3 15. Nxd7 Qxd7 16. hxg3 Rae8 17. Bc4 f5 18. Bd3 fxe4 19. Rxe4 Bd4 20. Qh5 Bxf2+ 21. Kh1 Rf6 22. Rf1 Kg7 23. Re6 Rxe6 24. dxe6 Qxe6 25. Rxf2 Rf8 26. Re2 Qf7 27. Qg4 Bc8 28. Qe4 Bf5 29. Qxf5 Qxf5 30. Bxf5 Rxf5 31. Rxe7+ Kf6 32. Ra7 Rf1+ 33. Kh2 1-0

[Event "e2e4 Brighton Open"]
[Site "Brighton"]
[Date "2010.11.14"]
[Round "5"]
[White "Messam-Sparks, Lateefah"]
[Black "Ackley, Peter JE"]
[Result "1/2-1/2"]
[WhiteElo "1917"]
[BlackElo "2035"]
[PlyCount "51"]
[EventDate "2010.11.12"]
[EventType "swiss"]
[EventRounds "5"]
[EventCountry "ENG"]
[SourceTitle "BritBase"]
[Source "John Saunders"]
[SourceDate "2024.12.03"]
[SourceVersion "1"]
[SourceVersionDate "2024.12.03"]
[SourceQuality "1"]

1. d4 e6 2. c4 f5 3. Nc3 Nf6 4. g3 Be7 5. Bg2 O-O 6. Nf3 d6 7. O-O a5 8. a3 Ne4 9. Qc2 Nxc3 10. Qxc3 Bf6 11. Qc2 Nc6 12. Rd1 Qe8 13. d5 Nd8 14. dxe6 Nxe6 15. e3 Nc5 16. Nd4 Kh8 17. b3 Qh5 18. Bb2 Bd7 19. Bf3 Qg6 20. Ne2 Rae8 21. Nf4 Qf7 22. Bxf6 Qxf6 23. Nd5 Qd8 24. Nc3 Qf6 25. Nd5 Qd8 26. Nc3 1/2-1/2

[Event "e2e4 Brighton Open"]
[Site "Brighton"]
[Date "2010.11.14"]
[Round "5"]
[White "Millward, Richard"]
[Black "Seyfried, Claus"]
[Result "1-0"]
[WhiteElo "2107"]
[BlackElo "2160"]
[PlyCount "109"]
[EventDate "2010.11.12"]
[EventType "swiss"]
[EventRounds "5"]
[EventCountry "ENG"]
[SourceTitle "BritBase"]
[Source "John Saunders"]
[SourceDate "2024.12.03"]
[SourceVersion "1"]
[SourceVersionDate "2024.12.03"]
[SourceQuality "1"]

1. e4 e5 2. Nf3 Nc6 3. Bb5 a6 4. Ba4 Nf6 5. O-O Be7 6. Bxc6 dxc6 7. Qe2 Bg4 8. h3 Bh5 9. d3 Bd6 10. Be3 Qe7 11. Nbd2 h6 12. Nc4 g5 13. g4 Bg6 14. Kg2 O-O-O 15. b4 h5 16. Bxg5 hxg4 17. hxg4 Qe6 18. Nxd6+ cxd6 19. Nh4 Rdg8 20. Bxf6 Qxf6 21. Nxg6 Rxg6 22. Rh1 Rh4 23. f3 Rgh6 24. Qf2 Qh8 25. Rxh4 Rxh4 26. Qg3 Qh6 27. g5 Qh7 28. Rg1 Rh5 29. c4 Kb8 30. a4 Qg8 31. Kf1 Qd8 32. g6 fxg6 33. Qxg6 Rh3 34. Qg4 Rh8 35. Qe6 Re8 36. Qg6 Rf8 37. Ke2 Ka8 38. Qg7 Re8 39. b5 cxb5 40. axb5 Qa5 41. Qf7 Rb8 42. Qd5 Qa2+ 43. Ke3 axb5 44. Qxd6 bxc4 45. Qxe5 Qa7+ 46. Qd4 Qxd4+ 47. Kxd4 Rf8 48. Kxc4 Rxf3 49. Rg8+ Ka7 50. d4 Rf1 51. e5 Rc1+ 52. Kd5 b5 53. e6 Re1 54. Kd6 b4 55. e7 1-0

[Event "e2e4 Brighton Open"]
[Site "Brighton"]
[Date "2010.11.14"]
[Round "5"]
[White "Radovanovic, Jovica"]
[Black "Tippleston, Charles E"]
[Result "1-0"]
[WhiteElo "2276"]
[BlackElo "2150"]
[PlyCount "39"]
[EventDate "2010.11.12"]
[EventType "swiss"]
[EventRounds "5"]
[EventCountry "ENG"]
[SourceTitle "BritBase"]
[Source "John Saunders"]
[SourceDate "2024.12.03"]
[SourceVersion "1"]
[SourceVersionDate "2024.12.03"]
[SourceQuality "1"]

1. c4 e5 2. g3 Nf6 3. Bg2 Bc5 4. e3 O-O 5. Nc3 Re8 6. Nge2 c6 7. O-O e4 8. d3 exd3 9. Qxd3 Na6 10. a3 Bf8 11. b4 Nc7 12. e4 a5 13. Rb1 axb4 14. axb4 Na6 15. b5 Nc5 16. Qc2 Qe7 17. Re1 Qd8 18. h3 Ne6 19. e5 Nh5 20. g4 1-0